000 00483nam a2200169 i 4500
001 36051
003 ES-MaACL
005 20230906155303.0
007 t|
008 201030s1892 po ||||1| por d
100 1 _aBraz de Oliveira, João.
_9170626
245 1 3 _aOs navios de Vasco da Gama /
_cpor João Braz d'Oliveira.
260 _aLisboa :
_bTip. da Academia Real das Siencias,
_c1892.
300 _a28 p.
600 1 4 _aGama, Vasco da.
_9155573
852 _aES-MaACL
_jT-744-F-3
999 _c36051
_d36051